G104经过的县级行政区 - Statistics

General Stats
  • This quiz has been taken 15 times
  • The average score is 77 of 84
Answers on the Map
Answers color-coded by a green-red scale on the quiz's map according to % correct below.
 
Answer Stats
省级行政区 地级行政区 县级行政区 % Correct
北京市 东城区
100%
北京市 丰台区
100%
北京市 大兴区
100%
河北省 廊坊市 广阳区
100%
河北省 廊坊市 安次区
100%
天津市 武清区
100%
天津市 西青区
100%
天津市 静海区
100%
河北省 沧州市 青县
100%
河北省 沧州市 沧县
100%
河北省 沧州市 新华区
100%
山东省 济南市 天桥区
100%
山东省 济南市 历城区
100%
山东省 济南市 历下区
100%
山东省 济南市 市中区
100%
山东省 济南市 长清区
100%
山东省 泰安市 岱岳区
100%
安徽省 宿州市 泗县
100%
天津市 北辰区
92%
河北省 沧州市 南皮县
92%
山东省 德州市 陵城区
92%
山东省 济宁市 曲阜市
92%
山东省 枣庄市 滕州市
92%
山东省 济宁市 微山县
92%
江苏省 徐州市 铜山区
92%
江苏省 徐州市 鼓楼区
92%
江苏省 徐州市 贾汪区
92%
江苏省 徐州市 云龙区
92%
安徽省 蚌埠市 五河县
92%
安徽省 滁州市 明光市
92%
安徽省 滁州市 琅琊区
92%
江苏省 南京市 浦口区
92%
江苏省 南京市 玄武区
92%
江苏省 南京市 秦淮区
92%
江苏省 南京市 雨花台区
92%
江苏省 南京市 江宁区
92%
江苏省 镇江市 句容市
92%
江苏省 常州市 溧阳市
92%
江苏省 无锡市 宜兴市
92%
浙江省 湖州市 长兴县
92%
浙江省 湖州市 吴兴区
92%
浙江省 湖州市 德清县
92%
浙江省 杭州市 余杭区
92%
浙江省 杭州市 临平区
92%
浙江省 杭州市 萧山区
92%
浙江省 绍兴市 柯桥区
92%
浙江省 绍兴市 越城区
92%
浙江省 绍兴市 嵊州市
92%
浙江省 绍兴市 新昌县
92%
浙江省 台州市 天台县
92%
浙江省 台州市 黄岩区
92%
浙江省 台州市 温岭市
92%
浙江省 温州市 乐清市
92%
浙江省 温州市 鹿城区
92%
浙江省 温州市 瓯海区
92%
浙江省 温州市 瑞安市
92%
浙江省 温州市 平阳县
92%
浙江省 温州市 苍南县
92%
福建省 宁德市 福鼎市
92%
福建省 宁德市 蕉城区
92%
福建省 福州市 连江县
92%
福建省 福州市 马尾区
92%
福建省 福州市 仓山区
92%
福建省 福州市 闽侯县
92%
福建省 福州市 平潭县
92%
山东省 德州市 宁津县
85%
山东省 济南市 济阳区
85%
山东省 济宁市 邹城市
85%
江苏省 徐州市 睢宁县
85%
安徽省 宿州市 灵璧县
85%
安徽省 滁州市 来安县
85%
江苏省 南京市 栖霞区
85%
浙江省 嘉兴市 海宁市
85%
浙江省 杭州市 钱塘区
85%
浙江省 绍兴市 上虞区
85%
浙江省 台州市 临海市
85%
浙江省 温州市 永嘉县
85%
福建省 宁德市 福安市
85%
福建省 福州市 罗源县
85%
福建省 福州市 福清市
85%
山东省 德州市 临邑县
77%
山东省 泰安市 宁阳县
77%
安徽省 滁州市 南谯区
77%
福建省 宁德市 柘荣县
69%
No matching quizzes found
Score Distribution
Percent of People with Each Score
Percentile by Number Answered
Your Score History
You have not taken this quiz